000 00335nam a2200133Ia 4500
008 221030s9999 xx 000 0 und d
041 _aEnglish
100 _aD. H. Williams
245 0 _aSpectroscopic Methods in Organic Chemistry
_cby D. H. Williams, I. Fleming
260 _c0
650 _aB
700 _aI. Fleming
942 _cBK
999 _c14230
_d14230